000 00632nam a2200229Ia 4500
003 BUBTL
008 151213s9999 xx 000 0 und d
020 _a0-256-10223-6
082 _a657.3
_bBEF
100 _aLeopold A. Bernstein
245 _afinancial Statements Analysis
_cLeopold A. Bernstein
250 _a5th
260 _aNew York
_bIrwin
_c1993
300 _a[xxvii] , 1047p . :
_bill , Chart , Table ;
_cFinance .
500 _aIncludes Index .
650 _aFinance
650 _aFinance
700 _aLeopold A. Bernstein
856 _k0
_l0
_yDownload
942 _2ddc
_cBK
999 _c3699
_d3699